| 000 | 01163cam a2200277 a 4500 | ||
|---|---|---|---|
| 005 | 20150918161313.0 | ||
| 008 | 930118s19850000ck ab 0 spa d | ||
| 020 | _a9589003214 | ||
| 040 |
_aCO-BoPUJ _cCO-BoIAVH _dCO-BoIAVH |
||
| 041 | _aspa | ||
| 044 | _ack | ||
| 082 | 0 | 4 |
_a986.17 _bD65a |
| 100 | 1 | _aDominguez, Camilo A. | |
| 245 | 0 |
_aAmazonia colombiana _bvisión general / _cCamilo A. dominguez |
|
| 260 |
_aBogotá (Colombia): _bBanco Popular, _c1985. |
||
| 300 |
_a274 páginas : _bmapas, ilustraciones y fotografías ; _c24 cm |
||
| 504 | _aIncluye referencias bibliográficas. (páginas 267-274). | ||
| 505 | 0 | _aLa selva amazónica en general. Aspectos físicos. Aspectos biológicos. Aspectos socioeconómicos. Léxico básico de la selva oriental colombiana flora y fauna. | |
| 650 | 2 | 4 |
_aDescripciones y viajes _zAmazonas (Colombia) |
| 650 | 2 | 4 |
_aAspectos sociales _zAmazonas (Colombia) |
| 650 | 2 | 4 |
_aAspectos económicos _zAmazonas (Colombia) |
| 650 | 2 | 4 |
_aFauna _zAmazonas (Colombia) |
| 650 | 2 | 4 |
_aFlora _zAmazonas (Colombia) |
| 651 |
_aColombia _zRegión Amazonia |
||
| 942 |
_2ddc _cLIBRO |
||
| 999 |
_c17794 _d17794 |
||